000 00503ntaaa2200193 4500
003 01
005 20251027203054.0
008 0714s1973 ag 01
020 _a9500903776
040 _aAR-BaBN
_bspa
_cAR-BaBN
_eaacr
_dRIC
082 _a264.0200 M92d
100 _aMuñoz, Héctor
_95320
245 _aDiario de un cristiano
250 _a1 ed.
260 _aBuenos Aires :
_bEdiciones Paulinas,
_c1983
300 _a252 p. ;
_c18,5 cm
650 _aIglesia Católica--Liturgia
_920037
942 _cBK
999 _c26103
_d26103